BC Wildfire trivia test - Statistics

General Stats
  • This quiz has been taken 8 times
  • The average score is 7 of 15
Answer Stats
Question Answer % Correct
Which of the following is a significant factor contributing to the increase in wildfire activity in Canada? Increased temperatures due to climate change
100%
What is the primary purpose of the BC Wildfire Service’s FireSmart program? To reduce the risk of wildfires through preventive measures
86%
Which of the following is NOT a common wildfire suppression tactic used in BC? Underground cooling systems
86%
In which year did the most hectares of land were burned by wildfires in British Columbia? 2023
57%
How does BC's wildfire risk typically vary throughout the year? It peaks in mid-summer, especially after a dry spring
57%
Which wildfire incident in British Columbia led to the evacuation of the entire town of Lytton in 2021? The Lytton Creek Fire
57%
In British Columbia, what type of forest is most vulnerable to wildfires? Mixed wood forests
43%
What type of fuel is most associated with wildfires in the interior of British Columbia? Pine and fir trees
43%
What is the most common type of wildfire in British Columbia? Surface fires
43%
What was the estimated cost of the 2017 wildfire season in British Columbia? $1.3 Billion
29%
As of 2023, approximately how many hectares of land were burned by wildfires in British Columbia each year on average? 220,000
29%
Which factor contributes the most to the spread of wildfires in Canada’s boreal forests? Dry, dead vegetation
29%
In which year did the greatest number of wildfires on record occur in British Columbia? 2009
0%
What percentage of wildfires in British Columbia are caused by human activity? 35
0%
What percentage of wildfires in British Columbia are caused by lightening? 35
0%
No matching quizzes found
Score Distribution
Percent of People with Each Score
Percentile by Number Answered
Your Score History
You have not taken this quiz